MARC

LEADER 00000nam0a2200000 4500
001 249020
005 20231101232435.0
010 |a 5283037401 
035 |a (RuTPU)RU\TPU\book\270991 
090 |a 249020 
100 |a 20140130d1988 k y0rusy50 ca 
101 0 |a rus 
102 |a RU 
105 |a a z 001zy 
200 1 |a Сверхзвуковые МГД-генераторы  |f В. В. Бреев, А. В. Губарев, В. П. Панченко 
210 |a Москва  |c Энергоатомиздат  |d 1988 
215 |a 240 с.  |c ил. 
320 |a Библиогр.: с. 233-238. 
606 1 |a Генераторы магнитогидродинамические  |2 stltpush  |3 (RuTPU)RU\TPU\subj\5781  |9 33778 
610 1 |a МГД-генераторы 
610 1 |a энергия 
610 1 |a преобразование 
610 1 |a физические основы 
610 1 |a течения 
610 1 |a краевые эффекты 
610 1 |a инженерные методы 
610 1 |a взрывные генераторы 
610 1 |a переходные процессы 
675 |a 621.313.5  |v 3 
700 1 |a Бреев  |b В. В.  |g Вячеслав Викторович 
701 1 |a Губарев  |b А. В.  |g Алексей Васильевич 
701 1 |a Панченко  |b В. П.  |g Виктор Петрович 
801 1 |a RU  |b 63413507  |c 20140130 
801 2 |a RU  |b 63413507  |c 20140304  |g RCR 
942 |c BK